[Event "Nuremberg Zabo op 20th"]
[Site "Nuremberg"]
[Date "2018.09.19"]
[Round "5"]
[White "Boehme, Andre"]
[Black "Grossner, Josef"]
[Result "1-0"]
[WhiteElo "1762"]
[BlackElo "1576"]
[PlyCount "81"]
[EventDate "2018.09.15"]
[EventType "swiss"]
[EventRounds "5"]
[EventCountry "GER"]
[SourceTitle "EXT 2020"]
[Source "ChessBase"]
[SourceDate "2019.10.17"]
[SourceVersion "1"]
[SourceVersionDate "2019.10.17"]
[SourceQuality "1"]

1. e4 e5 2. Nf3 d6 3. Bc4 Be7 4. Nc3 Nf6 5. d3 h6 6. h3 Nc6 7. Be3 Na5 8. Bb3 Nxb3 9. axb3 a6 10. Qe2 Bd7 11. 0-0 0-0 12. Rfd1 Nh7 13. d4 f6 14. Nh4 Qe8 15. Nf5 Bd8 16. Qg4 Bxf5 17. exf5 Kh8 18. Ne2 Qf7 19. Ng3 d5 20. Nh5 Rg8 21. Qg6 Qxg6 22. fxg6 Nf8 23. dxe5 fxe5 24. Rxd5 Nxg6 25. Rad1 Be7 26. c4 c6 27. Rd7 b5 28. Rc7 Rgc8 29. Rdd7 Bf8 30. Rb7 Rab8 31. Ra7 Rd8 32. Rdc7 Rdc8 33. Rxc8 Rxc8 34. Rxa6 bxc4 35. bxc4 Kg8 36. Rb6 Ne7 37. Ng3 g6 38. b4 h5 39. b5 Kf7 40. Ne4 cxb5 41. Nd6+ 1-0

[Event "Forchheim op-B 15th"]
[Site "Forchheim"]
[Date "2016.10.03"]
[Round "5"]
[White "Stoll, Stefan"]
[Black "Grossner, Josef"]
[Result "1/2-1/2"]
[WhiteElo "2003"]
[BlackElo "1888"]
[PlyCount "41"]
[EventDate "2016.10.01"]
[EventType "swiss"]
[EventRounds "5"]
[EventCountry "GER"]
[SourceTitle "EXT 2019"]
[Source "ChessBase"]
[SourceDate "2018.10.10"]
[SourceVersion "1"]
[SourceVersionDate "2018.10.10"]
[SourceQuality "1"]

1. d4 Nf6 2. c4 e6 3. Nc3 d5 4. Bg5 Be7 5. e3 h6 6. Bh4 0-0 7. Nf3 b6 8. cxd5 exd5 9. Ne5 c5 10. Bd3 Bb7 11. f4 Nbd7 12. 0-0 Ne8 13. Bxe7 Qxe7 14. Qh5 Nef6 15. Qh4 Qd8 16. g4 Ne4 17. Qh3 a6 18. Qg2 Nxe5 19. fxe5 Ng5 20. Rf2 Ne6 21. Bf5 1/2-1/2

[Event "Nuremberg Zabo op 18th"]
[Site "Nuremberg"]
[Date "2016.09.17"]
[Round "3"]
[White "Boehme, Sebastian1"]
[Black "Grossner, Josef"]
[Result "1-0"]
[WhiteElo "1912"]
[BlackElo "1661"]
[PlyCount "57"]
[EventDate "2016.09.16"]
[EventType "swiss"]
[EventRounds "5"]
[EventCountry "GER"]
[SourceTitle "EXT 2018"]
[Source "ChessBase"]
[SourceDate "2017.10.13"]
[SourceVersion "1"]
[SourceVersionDate "2017.10.13"]
[SourceQuality "1"]

1. e4 e5 2. Nc3 Nf6 3. Bc4 Bc5 4. d3 d6 5. Na4 Bb6 6. Nxb6 axb6 7. f4 Nc6 8. a3 Bd7 9. Nf3 0-0 10. f5 Nd4 11. Bg5 b5 12. Ba2 c5 13. g4 Nxf3+ 14. Qxf3 h6 15. h4 Qa5+ 16. Bd2 b4 17. g5 Nh7 18. gxh6 gxh6 19. Bxh6 bxa3+ 20. Ke2 Kh8 21. Rhg1 Rg8 22. Bxf7 Nf6 23. Bxg8 Rxg8 24. Rxg8+ Nxg8 25. Qh5 Nxh6 26. Qxh6+ Kg8 27. Rg1+ Kf7 28. Rg7+ Ke8 29. Qh8# 1-0

[Event "Forchheim op-B 14th"]
[Site "Forchheim"]
[Date "2015.10.02"]
[Round "1"]
[White "Grossner, Josef"]
[Black "Weissmann, Peter"]
[Result "1/2-1/2"]
[WhiteElo "1902"]
[BlackElo "1795"]
[PlyCount "92"]
[EventDate "2015.10.02"]
[EventType "swiss"]
[EventRounds "5"]
[EventCountry "GER"]
[SourceTitle "EXT 2019"]
[Source "ChessBase"]
[SourceDate "2018.10.10"]
[SourceVersion "1"]
[SourceVersionDate "2018.10.10"]
[SourceQuality "1"]

1. d4 Nf6 2. c4 e6 3. Nc3 Bb4 4. e3 0-0 5. Nf3 b6 6. a3 Bxc3+ 7. bxc3 Bb7 8. Bd3 d5 9. cxd5 exd5 10. 0-0 Nbd7 11. a4 Ne4 12. Qc2 c5 13. Bb2 c4 14. Be2 f5 15. g3 Qf6 16. Ba3 Rf7 17. Rab1 a6 18. Nh4 Qh6 19. Ng2 Re8 20. Nf4 g5 21. Ng2 Re6 22. h4 gxh4 23. Nxh4 Qg5 24. Kg2 Rg7 25. Nf3 Qg6 26. Rg1 Bc6 27. Rbc1 b5 28. axb5 Bxb5 29. Bb4 Qf6 30. Kf1 Qf7 31. Nh4 Rg5 32. Bf3 Ndf6 33. Ng2 Re8 34. Nf4 Ng4 35. Bxg4 fxg4 36. Rh1 Bd7 37. Rh4 Bf5 38. Qa2 Nxg3+ 39. fxg3 Rxe3 40. Kg2 Qe8 41. Rf1 Be4+ 42. Kh2 Bf3 43. Rf2 Re1 44. Rxf3 gxf3 45. Qf2 Re3 46. Rh6 Kg7 1/2-1/2

[Event "Mittelfranken-chTB2a 1314"]
[Site "Mittelfranken"]
[Date "2013.10.20"]
[Round "1.6"]
[White "Zidar, Zlatko"]
[Black "Grossner, Josef"]
[Result "1/2-1/2"]
[WhiteElo "1721"]
[BlackElo "1660"]
[PlyCount "119"]
[EventDate "2013.10.20"]
[EventType "team-tourn"]
[EventRounds "9"]
[EventCountry "GER"]
[SourceTitle "EXT 2020"]
[Source "ChessBase"]
[SourceDate "2019.10.17"]
[SourceVersion "1"]
[SourceVersionDate "2019.10.17"]
[SourceQuality "1"]
[WhiteTeam "Neumarkt II"]
[BlackTeam "Fuerth SF II"]
[WhiteTeamCountry "GER"]
[BlackTeamCountry "GER"]

1. d4 Nf6 2. c4 e6 3. Nc3 Bb4 4. Qc2 c5 5. e3 0-0 6. Bd3 Nc6 7. Nge2 d6 8. Bd2 e5 9. dxc5 dxc5 10. Ng3 h6 11. a3 Ba5 12. 0-0-0 Be6 13. h3 a6 14. Kb1 Qc7 15. f4 exf4 16. exf4 Rad8 17. Nge2 Nd4 18. Nxd4 cxd4 19. Ne2 Bb6 20. g4 Kh8 21. f5 Bc8 22. Rhg1 Bc5 23. b4 Be7 24. h4 h5 25. g5 Ng4 26. Nf4 Ne3 27. Bxe3 dxe3 28. Nxh5 f6 29. Rdf1 Rd4 30. Ng3 Rxh4 31. g6 Rd8 32. Qe2 Qe5 33. Kc2 a5 34. Rb1 axb4 35. axb4 Rdd4 36. Qf3 Rdf4 37. Qd1 Rh2+ 38. Kb3 Rff2 39. Qc1 Rd2 40. Qc3 Qf4 41. Nf1 Bd6 42. Nxd2 Be5 43. Qc1 exd2 44. Qc2 Bd4 45. Rh1 Rh6 46. Rxh6+ Qxh6 47. Be4 Qe3+ 48. Bd3 Bxf5 49. Rd1 Bxd3 50. Qxd2 Bxg6+ 51. Ka4 Qxd2 52. Rxd2 Be5 53. c5 Bf5 54. b5 g5 55. c6 bxc6 56. bxc6 Kg7 57. Kb5 Kf7 58. Kb6 Ke7 59. Ra2 Kd8 60. Kc5 1/2-1/2

[Event "Mittelfranken-chTB2a 1011"]
[Site "Germany"]
[Date "2010.10.17"]
[Round "2.8"]
[White "Schloetterer, Hermann"]
[Black "Grossner, Josef"]
[Result "1-0"]
[WhiteElo "1768"]
[BlackElo "1644"]
[PlyCount "87"]
[EventDate "2010.09.26"]
[EventType "team-tourn"]
[EventRounds "9"]
[EventCountry "GER"]
[SourceTitle "EXT 2012"]
[Source "ChessBase"]
[SourceDate "2011.11.24"]
[SourceVersion "1"]
[SourceVersionDate "2011.11.24"]
[SourceQuality "1"]
[WhiteTeam "Nuernberg NT V"]
[BlackTeam "Fuerth II"]
[WhiteTeamCountry "GER"]
[BlackTeamCountry "GER"]

1. d4 Nf6 2. g3 g6 3. Bg2 Bg7 4. e4 d6 5. Nc3 0-0 6. h3 c5 7. Nge2 Nc6 8. Be3 cxd4 9. Nxd4 Bd7 10. 0-0 a6 11. a4 Qc7 12. Qd2 Ne5 13. b3 Nc6 14. Rad1 Rac8 15. Nde2 Qa5 16. Bh6 Bxh6 17. Qxh6 Qc5 18. Kh2 Rc7 19. f4 e5 20. f5 Rcc8 21. fxg6 fxg6 22. g4 Nb4 23. Qd2 Ne8 24. Rxf8+ Kxf8 25. Qg5 Be6 26. Rf1+ Bf7 27. h4 Qc7 28. h5 Qe7 29. Qh6+ Kg8 30. hxg6 Bxg6 31. Qd2 Qh4+ 32. Bh3 Qe7 33. Ng3 Rd8 34. Nf5 Qc7 35. Nd5 Nxd5 36. Qxd5+ Kh8 37. c4 Rd7 38. Nh6 Kg7 39. g5 Bf7 40. Nf5+ Kh8 41. Qd1 Rd8 42. Nh6 Bg6 43. Rf8+ Kg7 44. Rg8# 1-0

[Event "GER OL-252 email"]
[Site "GER email"]
[Date "2010.07.16"]
[Round "?"]
[White "Grossner, Josef"]
[Black "Mark, Thomas"]
[Result "1-0"]
[WhiteElo "1530"]
[BlackElo "1640"]
[PlyCount "65"]
[EventDate "2010.06.10"]
[EventType "tourn (corr)"]
[EventRounds "6"]
[EventCountry "GER"]
[SourceTitle "Corr 2015"]
[Source "ChessBase"]
[SourceDate "2015.07.17"]
[SourceVersion "1"]
[SourceVersionDate "2015.07.17"]
[SourceQuality "1"]
[WhiteTeam "Germany"]
[WhiteTeamCountry "GER"]

1. d4 d5 2. c4 Nf6 3. Bg5 Ne4 4. Bh4 g5 5. Bg3 e5 6. e3 Bb4+ 7. Ke2 Nxg3+ 8. hxg3 dxc4 9. dxe5 Qxd1+ 10. Kxd1 Be6 11. Nf3 Bg4 12. Bxc4 Nc6 13. Bb5 Rd8+ 14. Ke2 Rd5 15. Bxc6+ bxc6 16. a3 Bc5 17. b4 Bb6 18. Nbd2 Rxe5 19. Rac1 Re6 20. Nb3 0-0 21. Rc4 f5 22. Rhc1 Rff6 23. Nbd4 Bxd4 24. Rxd4 Re4 25. Rd8+ Kf7 26. Ra8 Rd6 27. Rxa7 f4 28. gxf4 gxf4 29. Rxc7+ Re7 30. Rxe7+ Kxe7 31. Rc4 Bxf3+ 32. gxf3 fxe3 33. fxe3 1-0

[Event "GER OL-254 email"]
[Site "GER email"]
[Date "2010.??.??"]
[Round "?"]
[White "Adam, Horst"]
[Black "Grossner, Josef"]
[Result "1/2-1/2"]
[WhiteElo "1644"]
[BlackElo "1530"]
[PlyCount "69"]
[EventDate "2010.??.??"]
[EventType "tourn (corr)"]
[EventRounds "6"]
[EventCountry "GER"]
[SourceTitle "Corr 2015"]
[Source "ChessBase"]
[SourceDate "2015.07.17"]
[SourceVersion "1"]
[SourceVersionDate "2015.07.17"]
[SourceQuality "1"]
[WhiteTeam "Germany"]
[WhiteTeamCountry "GER"]

1. e4 c5 2. Nf3 Nc6 3. d4 cxd4 4. Nxd4 Nf6 5. Nc3 d6 6. Bc4 e6 7. 0-0 Be7 8. Be3 0-0 9. a3 a6 10. Ba2 Nxd4 11. Bxd4 b5 12. h3 Bb7 13. Qd3 Qc7 14. Rfd1 Rfd8 15. Re1 Nd7 16. Rad1 Bf6 17. f4 Bxd4+ 18. Qxd4 Nf6 19. f5 e5 20. Qf2 Qc5 21. Bd5 Qxf2+ 22. Kxf2 Nxd5 23. Nxd5 Bxd5 24. Rxd5 Rac8 25. c3 f6 26. Red1 Rc6 27. g4 Kf7 28. h4 g6 29. h5 g5 30. Kf3 Ke7 31. h6 Rd7 32. Ke3 Rc5 33. R5d3 Rc6 34. b3 Rdc7 35. Rc1 1/2-1/2

[Event "GER OL-245 email"]
[Site "GER email"]
[Date "2009.06.16"]
[Round "?"]
[White "Grossner, Josef"]
[Black "Granz, Thomas"]
[Result "0-1"]
[WhiteElo "1530"]
[BlackElo "1640"]
[PlyCount "78"]
[EventDate "2008.??.??"]
[EventType "tourn (corr)"]
[EventRounds "6"]
[EventCountry "GER"]
[SourceTitle "Corr 2011"]
[Source "ChessBase"]
[SourceDate "2010.08.31"]
[SourceVersion "1"]
[SourceVersionDate "2010.08.31"]
[SourceQuality "1"]

1. d4 d5 2. c4 e6 3. Nc3 Bb4 4. e3 Nf6 5. a3 Bxc3+ 6. bxc3 0-0 7. Bd3 b6 8. Nf3 Ba6 9. cxd5 Qxd5 10. Bxa6 Nxa6 11. 0-0 Ne4 12. Bb2 c5 13. Qe2 Qb7 14. Nd2 Nxd2 15. Qxd2 Rad8 16. Qe2 Nc7 17. e4 Qc6 18. Rfd1 f5 19. e5 Nd5 20. Rd2 Nf4 21. Qf3 Qxf3 22. gxf3 cxd4 23. cxd4 Rc8 24. Rc1 Rxc1+ 25. Bxc1 Rc8 26. Bb2 g5 27. Kf1 h6 28. Kg1 Kg7 29. Kf1 Kg6 30. Kg1 a5 31. Kf1 b5 32. Ke1 b4 33. Kd1 b3 34. Ke1 a4 35. Kd1 h5 36. Ke1 g4 37. fxg4 hxg4 38. f3 gxf3 39. Kd1 Rc2 0-1

[Event "GER OL-245 email"]
[Site "GER email"]
[Date "2009.05.19"]
[Round "?"]
[White "Grossner, Josef"]
[Black "Reiher, Klaus"]
[Result "0-1"]
[WhiteElo "1530"]
[BlackElo "1640"]
[PlyCount "70"]
[EventDate "2009.??.??"]
[EventType "tourn (corr)"]
[EventRounds "6"]
[EventCountry "GER"]
[SourceTitle "Corr 2011"]
[Source "ChessBase"]
[SourceDate "2010.08.31"]
[SourceVersion "1"]
[SourceVersionDate "2010.08.31"]
[SourceQuality "1"]

1. d4 d5 2. c4 Nc6 3. Nc3 e6 4. Nf3 Be7 5. Bf4 Nf6 6. e3 Nh5 7. Bg3 0-0 8. Be2 Na5 9. c5 Nc6 10. a3 h6 11. Bb5 Bd7 12. Bxc6 Bxc6 13. Ne5 Nxg3 14. Nxc6 bxc6 15. hxg3 a5 16. b3 e5 17. Qg4 exd4 18. exd4 Rb8 19. Rb1 Bg5 20. 0-0 Re8 21. Rfd1 Re6 22. Qf3 Qd7 23. Qd3 Bf6 24. Qa6 Ree8 25. Kf1 h5 26. Qd3 g6 27. Re1 Qg4 28. Rxe8+ Rxe8 29. Ne2 h4 30. Rd1 h3 31. gxh3 Qxh3+ 32. Kg1 g5 33. Nc3 Kg7 34. Qf1 Qh7 35. Qd3 Re1+ 0-1

[Event "GER OL-244 email"]
[Site "GER email"]
[Date "2009.02.25"]
[Round "?"]
[White "Grossner, Josef"]
[Black "Hanreich, Wolfram"]
[Result "0-1"]
[WhiteElo "1530"]
[BlackElo "1642"]
[PlyCount "52"]
[EventDate "2008.??.??"]
[EventType "tourn (corr)"]
[EventRounds "6"]
[EventCountry "GER"]
[SourceTitle "Corr 2011"]
[Source "ChessBase"]
[SourceDate "2010.08.31"]
[SourceVersion "1"]
[SourceVersionDate "2010.08.31"]
[SourceQuality "1"]

1. e4 e6 2. d4 d5 3. Nc3 Bb4 4. e5 c5 5. a3 Bxc3+ 6. bxc3 Ne7 7. Qg4 cxd4 8. Qxg7 Rg8 9. Qxh7 Qc7 10. Ne2 Nbc6 11. f4 Bd7 12. Qd3 dxc3 13. Qxc3 Nf5 14. Bd2 Qb6 15. 0-0-0 Rc8 16. Qb2 Qc7 17. Kb1 a6 18. g3 b5 19. c3 Na5 20. Nd4 Nc4 21. Bxc4 bxc4 22. Qc2 Qa5 23. Qa2 Nxd4 24. cxd4 c3 25. Ka1 cxd2 26. Rxd2 Rc3 0-1

[Event "GER OL-244 email"]
[Site "GER email"]
[Date "2009.??.??"]
[Round "?"]
[White "Grossner, Josef"]
[Black "Weissenfels, Gerd"]
[Result "1-0"]
[WhiteElo "1530"]
[BlackElo "1451"]
[PlyCount "61"]
[EventDate "2008.??.??"]
[EventType "tourn (corr)"]
[EventRounds "6"]
[EventCountry "GER"]
[SourceTitle "Corr 2011"]
[Source "ChessBase"]
[SourceDate "2010.08.31"]
[SourceVersion "1"]
[SourceVersionDate "2010.08.31"]
[SourceQuality "1"]

1. d4 Nf6 2. c4 g6 3. Nc3 Bg7 4. e4 d6 5. Nf3 0-0 6. Be2 Nbd7 7. 0-0 b6 8. h3 Bb7 9. Qc2 e5 10. dxe5 dxe5 11. Be3 a6 12. Nd2 c5 13. a3 Qc7 14. Nd5 Bxd5 15. cxd5 b5 16. b3 Qd6 17. a4 b4 18. Nc4 Qc7 19. f4 Rae8 20. f5 a5 21. g4 Rc8 22. g5 Ne8 23. f6 Bh8 24. h4 Nd6 25. Rac1 Nb7 26. Bg4 Rfd8 27. Rfd1 Qb8 28. Qd3 Qa7 29. Bxd7 Rxd7 30. Nxe5 Rdc7 31. Nc4 1-0

[Event "GER OL-244 email"]
[Site "GER email"]
[Date "2009.??.??"]
[Round "?"]
[White "Meister, Gerhard"]
[Black "Grossner, Josef"]
[Result "1/2-1/2"]
[WhiteElo "1931"]
[BlackElo "1530"]
[PlyCount "51"]
[EventDate "2008.??.??"]
[EventType "tourn (corr)"]
[EventRounds "6"]
[EventCountry "GER"]
[SourceTitle "Corr 2011"]
[Source "ChessBase"]
[SourceDate "2010.08.31"]
[SourceVersion "1"]
[SourceVersionDate "2010.08.31"]
[SourceQuality "1"]

1. d4 Nf6 2. c4 e6 3. Nf3 b6 4. g3 Bb7 5. Bg2 Be7 6. 0-0 0-0 7. Nc3 Ne4 8. Qc2 Nxc3 9. Qxc3 f5 10. b3 Bf6 11. Bb2 d6 12. Rad1 Qc8 13. Qe3 h6 14. Rd2 Re8 15. c5 d5 16. Rc1 c6 17. a4 Nd7 18. b4 a6 19. Rdc2 b5 20. Ra1 Nf8 21. Ne5 Qc7 22. Bc3 Bxe5 23. dxe5 Nh7 24. h4 Qf7 25. Rca2 Red8 26. Ra3 1/2-1/2